Statistics for Ghana 2022 FIFA World Cup Squad

Click here to take the quiz!

General Stats

  • This quiz has been taken 577 times
    (523 since last reset)
  • The average score is 8 of 27

Answer Stats

#PositionPlayer% Correct
10FW ©André Ayew
78%
9FWJordan Ayew
78%
5MFThomas Partey
73%
20MFMohammed Kudus
64%
19FWIñaki Williams
53%
4DFMohammed Salisu
46%
2DFTariq Lamptey
44%
18DFDaniel Amartey
38%
1GKLawrence Ati-Zigi
34%
23DFAlexander Djiku
24%
14DFGideon Mensah
24%
22FWKamaldeen Sulemana
24%
11MFOsman Bukari
24%
17DFBaba Rahman
23%
ManagerOtto Addo
22%
3DFDenis Odoi
19%
15DFJoseph Aidoo
19%
8MFDaniel-Kofi Kyereh
17%
21MFSalis Abdul Samed
17%
25FWAntoine Semenyo
16%
6MFElisha Owusu
14%
7MFAbdul Fatawu Issahaku
13%
16GKAbdul Manaf Nurudeen
13%
26DFAlidu Seidu
13%
24MFKamal Sowah
13%
13MFDaniel Afriyie
11%
12GKIbrahim Danlad
11%

Score Distribution

Percentile by Number Answered

Percent of People with Each Score

Your Score History

You have not taken this quiz since the last reset